000 00828nab a2200229 4500
003 BR-BrBNA
005 20240429161034.0
008 240429b bl.||||| |||| 00| 0 por d
040 _aBR-BrBNA
_bpor
072 _aE20 ; C10
100 _aPavani, Aparecido Tadeu
245 _aA função do administrador na propriedade citrícola
_bAdministração Agrícola
500 _a3 illus.; 3 tables
650 _aADMINISTRAÇÃO RURAL
650 _aADMINISTRAÇÃO AGRÍCOLA
650 _aADMINISTRADOR
650 _aPROPRIEDADE RURAL
650 _aCAPACITAÇÃO
773 0 _04769
_9314649
_dBebedouro - SP Grupo Técnico de Assistência e Consultoria em Citrus 2001
_o2024-0901
_tCiência e Pratica (Brazil)
_gv. 11(42) p. 11-12; (Jul-Sep 2011)
_wBR2024000919
942 _cAnalítica
999 _c299380
_d299380